000 00644nam a22002057a 4500
005 20230602064618.0
008 230403b |||||||| |||| 00| 0 eng d
020 _a978-971-23-5919-4
082 _aFil. 371.26 C164 2011
100 _aCalmorin, Laurentina P.
_eauthor
245 _aAssessment of student learning 1 /
_cLaurentina P. Calmorin
250 _a1st ed.
260 _aManila:
_bRex Book Store,
_cc2011.
300 _aviii, 183p.:
_bill.
490 _aRBS Teach series
504 _aIncludes bibliographical references and index
541 _e1369
650 _aEducational evaluation
650 _aEducational tests and measurements
999 _c2077
_d2077